LEADER 01182nam a2200289 a 4500 001 000000126330 003 CaOOAMICUS 005 20121023112030.0 008 110916s2011 it adkc u000 u ita r 040 $aPUL$bita 082 04$a510 245 03$aLa farfalla e il ciclone :$bla teoria del caos e i cambiamenti climatici. 260 $aMilano :$bRBA Italia,$c©2011. 300 $a139 p. :$bill., grafici, form., ritr. ;$c24 cm 490 1 $aMondo matematico 500 $aInclude indice. 504 $aBibliografia p. 135. 650 4$aMatematica.$0(OLS)http://pul/subject/6747 650 4$aClima$xVariazioni.$0(OLS)http://pul/subject/33377 830 0$aMondo matematico (RBA Italia).$0(OLS)http://pul/title/156832 850 $aPUL 852 $aPUL$W1$xDP2 Cons. Gen., Altre Classi 3$y97$m510 COLL 1.32$j145774$qDDC 21$B144591$CPULBib$Z2$F144591 $H117966 $82 941 1 $a9 996 $6082$a510$9(OLS)http://pul/classification/517 996 $6245$aLa farfalla e il ciclone :$bla teoria del caos e i cambiamenti climatici$9(OLS)http://pul/title/159542 996 $6260$aMilano :$bRBA Italia$9(OLS)http://pul/publisher/80118 LEADER 01442nam a2200325 u 4500 001 000000119744 003 CaOOAMICUS 005 20100203125215.0 008 100203m19049999gw u000 u ger r 040 $aPUL$bita$dMCT 041 1 $ager$agrc 100 0 $aAristoteles,$d384-322 a.C.$0(OLS)http://pul/name/792 240 10$aMetaphysica.$lTedesco.$0(OLS)http://pul/title/150663 245 10$aAristoteles' Metaphysik /$cÜbersetzt und mit einer Einleitung und erklärenden Anmrkungen versehen von dr. theol. Eug. Rolfes. 260 $aLeipzig :$bVerlag der Dürr'schen Buchhandlung,$c1908- 300 $a2 v. ;$c20 cm 490 1 $aPhilosophische Bibliothek ;$vBd. 2 500 $aInclude indice. 505 1 $av. 1. Buch I-VII. 700 1 $aRolfes, Eugen,$d1852-1932.$0(OLS)http://pul/name/59237 700 1 $aSeidl, Horst.$0(OLS)http://pul/name/21091 830 0$aPhilosophische Bibliothek ;$vBd. 2.$0(OLS)http://pul/title/13177 850 $aPUL 852 $aPUL$W1$xDP1 Filosofia 1$y19$m590 B 28$j137386$av. 1$qStampati$B136462$CPULBib$Z2$F136462 $H54634 $82 900 $aAristotle,$d 384-322 a.C.$9792 900 $aAristotele,$d384-322 a.C.$9792 941 1 $a8 961 $aTimbro: Biblioteca Collegio Apostolico Leoniano. 996 $6245$aAristoteles' Metaphysik$9(OLS)http://pul/title/77605 996 $6260$aLeipzig :$bVerlag der Dürr'schen Buchhandlung$9(OLS)http://pul/publisher/81119 LEADER 01014nam a2200265 a 4500 001 000000144763 003 CaOOAMICUS 005 20150709143329.0 008 150709s2011 it a u000 u ita r 020 $a978-88-903559-4-3 040 $aPUL$bita 100 1 $aFerrara, Christopher A.$0(OLS)http://pul/name/92802 245 13$aIl segreto ancora nascosto /$cdi Christopher A. Ferrara. 250 $a2. ed. 260 $aRoma :$bAssociazione Madonna di Fatima,$c©2011. 300 $a342 p. ;$c23 cm 504 $aBibliografia p. [340]-342. 651 4$aFatima.$0(OLS)http://pul/subject/29261 850 $aPUL 852 $aPUL$W1$xDP1 Fondo S. Lanza$y121$m3 J 45$j167145$qFondi$B167729$CPULBib$Z2$F167729 $HLan1376 $82 941 1 $a1 996 $6020$a978-88-903559-4-3$9(OLS)http://pul/number/158276 996 $6245$aIl segreto ancora nascosto$9(OLS)http://pul/title/183117 996 $6260$aRoma :$bAssociazione Madonna di Fatima$9(OLS)http://pul/publisher/83587